| 000 | 00495nam a2200097Ia 4500 | ||
|---|---|---|---|
| 008 | 180130s9999 xx 000 0 und d | ||
| 245 |
_cSerkani, Elahe Shariatmadari; Mardi, Mostafa; Najafi, Esmaeel; Jahanian, Khadijeh; Herat, Ali Taghizadeh _aUsing AHP and ANP approaches for selecting improvement projects of Iranian excellence model in healthcare sector |
||
| 260 | _c2016 | ||
| 300 | _aBook title: Information technology management--Acession number C20746; pages 21-33 | ||
| 650 | _aIT MANAGEMENT | ||
| 999 |
_c354256 _d354256 |
||